Nomme les membres de ces kpop groupes (édition 5ème Génération) - Statistiques

Statistiques générales
  • Ce quiz a été pris 56 fois
  • Le résultat moyen est 26 sur 47
Statistiques - réponses
Hint Réponse % Correct
BABYMONSTER AHYEON
90%
BABYMONSTER PHARITA
90%
BABYMONSTER ASA
87%
BABYMONSTER CHIQUITA
87%
ILLIT WONHEE
85%
BABYMONSTER RAMI
82%
BABYMONSTER RORA
79%
HEARTS2HEARTS A-NA
77%
ILLIT IROHA
77%
KISS OF LIFE JULIE
77%
BABYMONSTER RUKA
77%
KISS OF LIFE BELLE
74%
ILLIT MOKA
74%
ILLIT MINJU
72%
KISS OF LIFE NATTY
72%
MEOVV ELLA
69%
ILLIT YUNAH
69%
MEOVV ANNA
59%
BOYNEXTDOOR JAEHYUN
59%
BOYNEXTDOOR LEEHAN
59%
KISS OF LIFE HANEUL
56%
BOYNEXTDOOR TAESAN
56%
RIIZE WONBIN
56%
RIIZE SHOTARO
54%
RIIZE SUNGCHAN
54%
RIIZE ANTON
51%
RIIZE SOHEE
51%
HEARTS2HEARTS CARMEN
49%
BOYNEXTDOOR RIWOO
49%
HEARTS2HEARTS STELLA
49%
BOYNEXTDOOR SUNGHO
49%
BOYNEXTDOOR WOONHAK
49%
RIIZE EUNSEOK
44%
MEOVV NARIN
41%
MEOVV SOOIN
41%
MEOVV GAWON
38%
HEARTS2HEARTS IAN
38%
HEARTS2HEARTS YE-ON
38%
HEARTS2HEARTS JIWOO
33%
NCT WISH SAKUYA
33%
NCT WISH SION
33%
NCT WISH RYO
31%
NCT WISH RIKU
28%
HEARTS2HEARTS YUHA
28%
NCT WISH YUSHI
28%
NCT WISH JAEHEE
26%
HEARTS2HEARTS JUUN
26%
Aucun quiz correspondant
Distribution des résultats
% des personnes avec chaque résultat
Percentile par nombre de réponses
Votre historique - résultats
Vous n’avez pas pris ce quiz